Finančnoprávne epištoly medzinárodný finančnoprávny zborník k nedožitým 80. narodeninám prof. JUDr. Jordána Giráška, DrSc.

Gespeichert in:
Bibliographische Detailangaben
Format: Buch
Sprache:Slowakisch
Tschechisch
Polnisch
Veröffentlicht: Bratislava EPOS 2005
Schlagworte:
Tags: Tag hinzufügen
Keine Tags, Fügen Sie das erste Tag hinzu!

MARC

LEADER 00000nam$a2200000$$$4500
001 0033634
005 20221207101050.9
020 |a 80-8057-625-4 
041 0 |a slo 
041 0 |a cze 
041 0 |a pol 
044 |a SK 
245 1 0 |a Finančnoprávne epištoly  |b medzinárodný finančnoprávny zborník k nedožitým 80. narodeninám prof. JUDr. Jordána Giráška, DrSc.  |c kolektív autorov 
264 1 |a Bratislava  |b EPOS  |c 2005 
300 |a 369 s. 
610 2 0 |a právo finančné 
610 2 0 |a právo hospodárske 
610 2 0 |a právo daňové 
610 2 0 |a vzťahy právne 
610 2 0 |a reformy daňové 
610 2 0 |a financovanie 
610 2 0 |a investovanie kolektívne 
610 2 0 |a pranie špinavých peňazí 
610 2 0 |a poplatky 
610 2 0 |a dohľad bankový 
610 2 0 |a rozpočty verejné 
610 2 0 |a družstvá úverové 
610 2 0 |a obchod elektronický 
610 2 0 |a Slovensko 
610 2 0 |a Česko 
610 2 0 |a Európska únia